000 01785nam0a2200385 4500
001 RU\NLR\bibl\1213224
005 20250615105324.0
010 _a978-5-7695-4211-4
_92000
021 _aRU
_b2008-12445
_9679
035 _a(nilc)EL/0000181413
035 _a(NLR Aleph) 001199630
090 _a1767882
_c1767882
100 _a20080320d2008 |||y0rusy50 ca
101 0 _arus
102 _aRU
105 _aa |||||||||
200 1 _aПсихология и разработка рекламной продукции
_eучебное пособие для студентов высших учебных заведений, обучающихся по специальности "Психология"
_fВ.И. Капран, О.В. Капран
210 _aМосква
_cАкадемия
_d2008
215 _a233, [1] с.
_cил.
_d22
225 1 _aВысшее профессиональное образование
_iПсихология
225 1 _aУчебное пособие
320 _aБиблиогр. в прил. в конце кн. и в подстроч. примеч.
606 1 _aРеклама
_jУчебные издания для высших учебных заведений
_xПсихологические основы
_91539916
_3RU\NLR\auth\66972511
686 _a88.491я73
_vLBC/RL
_2rubbk
686 _aЮ949.1я73
686 _aС550.425я73
700 1 _aКапран
_bВ. И.
_gВладимир Иванович
_4070
701 1 _aКапран
_bО. В.
_gОксана Владимировна
_4070
801 0 _aRU
_bВологодская ОУНБ
_c20080320
_grcr
801 1 _aRU
_bВологодская ОУНБ
_c20080320
801 2 _aRU
_bNLR
_c20080410
_grcr
830 _aАвт. по кн
942 _cBOOK
980 _aNB